| Tag |
First Indicator |
Second Indicator |
Subfields |
| LEADER |
00000cam a2200000 4500 |
| 001 |
in00000306021 |
| 005 |
20151010100601.0 |
| 008 |
781013s1902 enkcf 00000 eng d |
| 010 |
|
|
|a 03001908
|
| 035 |
|
|
|a (OCoLC)04292264
|
| 035 |
|
|
|9 ABH1758AM
|
| 040 |
|
|
|a DLC
|c TXR
|d TXA
|d UtOrBLW
|
| 049 |
|
|
|a TXAM
|c [9529]
|
| 050 |
|
0 |
|a DG254
|b .O54
|
| 100 |
1 |
|
|a Oman, Charles,
|d 1860-1946.
|
| 245 |
1 |
0 |
|a Seven Roman statesmen of the later republic :
|b The Gracchi. Sulla. Crassus. Cato. Pompey. Caesar /
|c By Charles Oman ...
|
| 264 |
|
1 |
|a London :
|b E. Arnold,
|c 1902.
|
| 300 |
|
|
|a vii, 1 unnumbered page, 348 pages :
|b 3 plates, 2 portrait (including frontispiece) ;
|c 20 cm.
|
| 336 |
|
|
|a text
|b txt
|2 rdacontent
|
| 337 |
|
|
|a unmediated
|b n
|2 rdamedia
|
| 338 |
|
|
|a volume
|b nc
|2 rdacarrier
|
| 600 |
1 |
0 |
|a Caesar, Julius.
|
| 600 |
1 |
0 |
|a Sulla, Lucius Cornelius.
|
| 600 |
1 |
0 |
|a Gracchus, Tiberius Sempronius.
|
| 600 |
1 |
0 |
|a Gracchus, Gaius Sempronius,
|d 154 B.C.-121 B.C.
|
| 600 |
1 |
0 |
|a Cato, Marcus Porcius,
|d 95 B.C.-46 B.C.
|
| 600 |
1 |
0 |
|a Crassus, Marcus Licinius.
|
| 600 |
1 |
0 |
|a Pompey,
|c the Great,
|d 106 B.C.-48 B.C.
|
| 651 |
|
0 |
|a Rome
|x History
|y Republic, 265-30 B.C.
|
| 999 |
|
|
|a MARS
|
| 999 |
f |
f |
|s e80e2a77-4714-3432-a07e-46655a0e2398
|i d8f23c29-27ee-3f5d-b7da-72fc69caa423
|t 0
|
| 952 |
f |
f |
|p normal
|a Texas A&M University
|b College Station
|c Sterling C. Evans Library
|d Evans: Library Stacks
|t 0
|e DG254 .O54
|h Library of Congress classification
|i unmediated -- volume
|m A14801988656
|
| 998 |
f |
f |
|a DG254 .O54
|t 0
|l Evans: Library Stacks
|